[Event "Pamplona op"]
[Site "Pamplona"]
[Date "2001.12.27"]
[Round "1"]
[White "Markotegui Ijurko, Mikel"]
[Black "Komljenovic, Davorin"]
[Result "0-1"]
[WhiteElo "1681"]
[BlackElo "2501"]
[PlyCount "36"]
[EventDate "2001.12.05"]
[EventType "swiss"]
[EventRounds "9"]
[EventCountry "ESP"]
[SourceTitle "EXT 2003"]
[Source "ChessBase"]
[SourceDate "2002.11.25"]
[SourceVersion "1"]
[SourceVersionDate "2002.11.25"]
[SourceQuality "1"]

1. Nf3 d5 2. g3 c6 3. Bg2 Bg4 4. d3 Nd7 5. Nbd2 e5 6. e4 dxe4 7. dxe4 Ngf6 8. 0-0 Be7 9. c3 0-0 10. Qc2 Qc7 11. Nc4 Rfe8 12. Bg5 Be6 13. Ne3 h6 14. Bxf6 Nxf6 15. Rfd1 Bc5 16. Nf1 Ng4 17. Rd2 Rad8 18. Rad1 Qb6 0-1